000 02408nam0a2200349 4500
001 RU\NLR\bibl\1780416
005 20260405234640.0
010 _a978-5-87444-382-5
_9500
021 _aRU
_b2011-39010
_92780
035 _a(nilc)RSL-KNO-004948659
035 _a(NLR Aleph) 001771172
090 _a1638797
_c1638797
100 _a20110531d2011 |||y0rusy50 ca
101 0 _arus
102 _aRU
105 _aa |||||||||
200 1 _aПористость деталей, полученных технологиями порошковой металлургии
_eучебно-методическое пособие
_e[для технических специальностей вузов по подготовке специалистов и бакалавров направлений 190000 "Транспортные средства", 150200 "Машиностроительные технологии и оборудование", 050501 "Профессиональное обучение" (автомобили и автомобильное хозяйство)]
_fМ. П. Лебедев
_gФедеральное гос. авт. образовательное учреждение высш. проф. образования "Северо-Восточный федеральный ун-т им. М. К. Аммосова", Автодорожный фак., Каф. машиноведения
210 _aМосква
_cAcademia
_d2011
215 _a79 с.
_cил., табл.
_d20
320 _aБиблиогр.: с. 76-77 (17 назв.)
606 1 _aМеталлические порошки
_jУчебно-методические пособия для высших учебных заведений
_xУплотнение
_91572796
_3RU\NLR\auth\66689359
606 1 _aДетали машин металлокерамические
_jУчебно-методические пособия для высших учебных заведений
_xПористость
_92111895
_3RU\NLR\auth\661579713
686 _aК391.910.4-18я73-14
_2rubbk
686 _aК394я73-1
700 1 _4070
_7ca
_8rus
_aЛебедев
_bМ. П.
_cд-р техн. наук
_f1958-
_gМихаил Петрович
_991212
_3RU\NLR\auth\77108287
801 0 _aRU
_bRuMoRKP
_c20110531
_grcr
801 1 _aRU
_bРГБ
_c20110531
801 2 _aRU
_bNLR
_c20110616
_grcr
942 _cBOOK
980 _aNB
980 _aNBR